01210nam a2200253 4500003000400000005001700004008004100021020003700062040002500099082001200124100002800136245010800164264004800272300005700320336002100377337002500398338002300423520041200446521001500858650001200873650003000885700002400915700001700939OSt20240325160247.0240320s2023 my a jr 000 0 may d a9786299890003cRM 0.00qhardback aPPAKbengcPPAKerda04223a8990 aNor Azhar Ishakeauthor10aBurung yang Pelik /cCerita dan illustrasi: Nor Azhar Ishak ; Editor: Mahaya Mohd. Yassin, Munsyi Dewan 1aKuala Lumpur :bCetak Jitu Sdn. Bhd.,c2023 a30 unnumbered pages :bcolour illustrations ;c31 cm atext2rdacontent aunmediated2rdamedia avolume2rdacarrier aCerita ini mengisahkan tentang seekor ayam hutan yang mengembara mencari seekor merak betina yang cantik. Ayam berhajat menjadikan merak itu pasangannya. Dalam pengembaraannya, ia terjumpa dengan tujuh ekor burung. Ketujuh-tujuh ekor burung itu meminjamkan satu ciri menarik yang dimiliki mereka kepada Ayam Jantan agar Ayam Jantan menjadi sehebat Merak Betina. Adakah Ayam Jantan berjaya mencapai hajatnya? a7-12 tahun10aAnimals20aChildren's storiesvMalay aMahaya Mohd. Yassin aMunsyi Dewan